| 000 | 00361 a2200133 4500 | ||
|---|---|---|---|
| 005 | 20250516100414.0 | ||
| 020 | _a0-7099-4030-0 | ||
| 082 | _a658.403 PIE | ||
| 245 | _aManagement Information Systems : The Technology Challenges. | ||
| 260 |
_aNew York, _bNichols, _c1987. |
||
| 300 |
_a323p.: ill.; figure _bIndex _c22cm. |
||
| 700 | _aPIERCY, N. | ||
| 942 |
_2ddc _cBKS |
||
| 999 |
_c2379 _d2379 |
||